000 00305nam a22001217a 4500
020 _a9788126157303
082 _a630.33
_bKUL/PR
100 _aKulshrestha,S.R
_9409
245 _aPrinciples of Agricultural Marketing
260 _aNew Delhi
_bAnmol Publications Pvt.Ltd
_c2013
300 _a304
942 _cBK
999 _c14295
_d14295